| Поле | Инд. | ПП | Название | Значение |
|---|---|---|---|---|
| Тип записи | a | |||
| Библиографический уровень | m | |||
| 001 | Контрольный номер | 9e340b3a58d74bdb91fe63702d7e3256 | ||
| 005 | Дата корректировки | 20210315153512.5 | ||
| 008 | Кодируемые данные | 21031s1986 ru |||||||||||000|||rus|d | ||
| 040 | a | Служба первич. каталог. | ЦГБ г. В. Луки | |
| b | Код языка каталог. | rus | ||
| 041 | 0_ | a | Код языка текста | rus |
| 084 | 2 | Источник индекса | rubbk | |
| a | Индекс другой классификации/Индекс ББК | 65.049(2) | ||
| 090 | x | Авторский знак | Н 15 | |
| j | Имя библиотеки | ЦГБ г. В. Луки | ||
| 097 | b | Оператор | КИС-р | |
| 245 | 10 | a | Заглавие | Навстречу времени: от Байкала до Амура |
| 260 | a | Место издания | Москва | |
| b | Издательство | Советская Россия | ||
| c | Дата издания | 1986 | ||
| 300 | a | Объем | 245 с. | |
| 650 | 14 | a | Основная рубрика | Экономическая география |
| 653 | 1_ | a | Ключевые слова | экономическая география |
| 901 | t | Тип документа | m |